000 00434nam a22001697a 4500
003 NUST - PNEC
005 20170116180923.0
008 150905b xxu||||| |||| 00| 0 eng d
020 _a-
040 _cLIBRARY
082 _a621.3 KUK
100 _97885
_aS. P. Kukde
245 _aProblems in electrical engineering with solutions
_cS. P. Kukde
260 _c1991
650 _97887
_aElecrtical engineering
_xEE
942 _2ddc
_cBK
999 _c65683
_d65683